|
|
|
|
| LEADER |
00000nam0a2200000 4500 |
| 001 |
250195 |
| 005 |
20231101232536.0 |
| 010 |
|
|
|a 5256002457
|
| 020 |
|
|
|a RU
|b 89-11544
|
| 035 |
|
|
|a (RuTPU)RU\TPU\book\272371
|
| 090 |
|
|
|a 250195
|
| 100 |
|
|
|a 20140211d1989 m y0rusy5003 ca
|
| 101 |
0 |
|
|a rus
|
| 102 |
|
|
|a RU
|
| 105 |
|
|
|a a z 001zy
|
| 200 |
1 |
|
|a Оптическая обработка радиосигналов в реальном времени
|f О. Б. Гусев [и др.]
|g под ред. С. В. Кулакова
|
| 210 |
|
|
|a Москва
|c Радио и связь
|d 1989
|
| 215 |
|
|
|a 136 с.
|c ил.
|
| 300 |
|
|
|a Авт. указаны на обороте тит. л.
|
| 320 |
|
|
|a Библиогр.: с. 128-134.
|
| 606 |
1 |
|
|a Радиосигналы
|x Обработка
|2 stltpush
|3 (RuTPU)RU\TPU\subj\23092
|9 47746
|
| 610 |
1 |
|
|a радиотехнические системы
|
| 610 |
1 |
|
|a акустооптические модуляторы
|
| 610 |
1 |
|
|a акустооптические анализаторы
|
| 610 |
1 |
|
|a спектры
|
| 610 |
1 |
|
|a интегрирование
|
| 610 |
1 |
|
|a корреляционная обработка
|
| 610 |
1 |
|
|a оптическая обработка
|
| 610 |
1 |
|
|a проектирование
|
| 675 |
|
|
|a 621.372
|v 3
|
| 701 |
|
1 |
|a Гусев
|b О. Б.
|g Олег Борисович
|
| 701 |
|
1 |
|a Кулаков
|b С. В.
|g Сергей Викторович
|
| 701 |
|
1 |
|a Разживин
|b Б. П.
|g Борис Петрович
|
| 701 |
|
1 |
|a Тигин
|b Д. В.
|g Дмитрий Васильевич
|
| 702 |
|
1 |
|a Кулаков
|b С. В.
|g Сергей Викторович
|4 340
|
| 801 |
|
0 |
|a RU
|b RuMRKP
|c 19950417
|g psbo
|
| 801 |
|
1 |
|a RU
|b 63413507
|c 20140211
|
| 801 |
|
2 |
|a RU
|b 63413507
|c 20140212
|g RCR
|
| 942 |
|
|
|c BK
|